Letters from the frontiers : written during a period of thirty years' service in the Army of the United States /

Bibliographic Details
Main Author: McCall, George A. (George Archibald), 1802-1868
Format: Microform Book
Language:English
Published: Philadelphia : J.B. Lippincott, 1868.
Subjects:

MARC

Tag First Indicator Second Indicator Subfields
LEADER 00000cam a2200000 a 4500
001 in00000083110
005 20151008055601.0
007 he bm----b---
008 801021r19781868kyu b 00010 eng d
035 |a (OCoLC)06844134 
035 |9 AAJ3847AM 
040 |a RRR  |c RRR  |d m.c.  |d TXA  |d UtOrBLW 
043 |a n-us--- 
049 |a TXAI 
099 |a fiche  |a C  |a 3735 
100 1 |a McCall, George A.  |q (George Archibald),  |d 1802-1868. 
245 1 0 |a Letters from the frontiers :  |b written during a period of thirty years' service in the Army of the United States /  |c by George A. McCall. 
264 1 |a Philadelphia :  |b J.B. Lippincott,  |c 1868. 
300 |a 539 pages ;  |c 21 cm. 
336 |a text  |b txt  |2 rdacontent 
337 |a microform  |b h  |2 rdamedia 
338 |a microfiche  |b he  |2 rdacarrier 
500 |a "Sabin : 42970." 
500 |a "Copied from the original in the Library of Congress." 
533 |a Microfiche.  |b Louisville, [Ky.] :  |c Lost Cause Press,  |d 1978.  |e 7 microfiches ; 11 x 15 cm.  |f ([Bibliotheca Americana. Selected Americana. Microfiche ed. / J. Sabin]) (Fiche book) 
500 |a Microform. 
610 1 0 |a United States.  |b Army  |x Military life. 
650 0 |a Seminole War, 2nd, 1835-1842. 
651 0 |a Gulf States. 
650 0 |a Mexican War, 1846-1848  |v Personal narratives. 
651 0 |a Southwest, Old  |x Description and travel. 
999 |a MARS 
999 f f |s 61302ae0-333a-325c-b5ed-473db96fc749  |i 9a4175ce-c41a-3c69-9003-5c8a7eac35c3  |t 0 
952 f f |p normal  |a Texas A&M University  |b College Station  |c Sterling C. Evans Library  |d Evans: Microforms (3rd floor)  |t 0  |e fiche C 3735  |h Other scheme  |i microform -- microfiche  |m A14821394550 
998 f f |a fiche C 3735  |t 0  |l Evans: Microforms (3rd floor)